Annual Report /
Salvato in:
| Ente Autore: | |
|---|---|
| Natura: | Libro |
| Lingua: | English |
| Pubblicazione: |
Tokio, Japón:
Institute of Developing Economies
|
| Soggetti: | |
| Tags: |
Aggiungi Tag
Nessun Tag, puoi essere il primo ad aggiungerne!!
|
MARC
| LEADER | 00000nam a22000007a 4500 | ||
|---|---|---|---|
| 003 | cru IIS | ||
| 005 | 20220330115352.0 | ||
| 007 | ta | ||
| 008 | 191206n ja ||p|r||||||0| ||eng|d | ||
| 022 | |2 [sin ISBN] | ||
| 040 | |c cru IIS |a Centro de Recursos para el Aprendizaje y la Investigación | ||
| 090 | |a REV0034 | ||
| 110 | 2 | |9 4191 |a Institute of Developing Economies | |
| 245 | 1 | |a Annual Report / |c Institute of Developing Economies | |
| 260 | |a Tokio, Japón: |b Institute of Developing Economies | ||
| 270 | |a Library Institute of Developing Economies Japan External Trade organization. 3-2-2 Wakaba Mihama-Ku, Chiba shi Chiba 261-8545, Japan | ||
| 500 | |a EXISTENCIAS: 1988 1990 1994 1996 1997 1998 2001 2002 2003 2004 2005 2006 2008 | ||
| 650 | 0 | |9 71 |a DESARROLLO ECONOMICO Y SOCIAL | |
| 650 | 0 | |9 1642 |a PAISES EN DESARROLLO | |
| 650 | 0 | |a MOVIMIENTOS SOCIALES |9 3 | |
| 650 | 0 | |9 237 |a INVESTIGACION SOCIAL | |
| 942 | |2 ddc |c PP | ||
| 999 | |c 42729 |d 42729 | ||
